Alle Fußballvereine aus NRW in den Top 4 Ligen - Statistiken

Allgemein
  • Dieses Quiz wurde 450 mal gespielt
    148 seit der letzten Aktualisierung
  • Das Durchschnittsergebnis liegt bei 26 aus 33
Antwortstatistiken
Liga Verein % Korrekt
Bundesliga 1. FC Köln
100%
Regionalliga West 1. FC Köln ll
100%
Bundesliga Borussia Dortmund
100%
Regionalliga West Borussia Dortmund ll
100%
Bundesliga Borussia Mönchengladbach
98%
Regionalliga West Borussia Mönchengladbach ll
98%
2. Bundesliga FC Schalke 04
98%
Regionalliga West FC Schalke 04 ll
98%
Bundesliga Bayer Leverkusen
97%
2. Bundesliga VFL Bochum
95%
Regionalliga West VFL Bochum ll
95%
2. Bundesliga Fortuna Düsseldorf
94%
Regionalliga West Fortuna Düsseldorf ll
94%
2. Bundesliga Arminia Bielefeld
93%
3. Liga Rot-Weiss Essen
91%
3. Liga MSV Duisburg
87%
2. Bundesliga Preußen Münster
86%
2. Bundesliga SC Paderborn
86%
3. Liga Alemannia Aachen
85%
Regionalliga West SC Paderborn ll
85%
Regionalliga West Rot-Weiß Oberhausen
80%
Regionalliga West Wuppertaler SV
74%
Regionalliga West Bonner SC
69%
3. Liga SC Verl
68%
Regionalliga West Fortuna Köln
67%
3. Liga FC Viktoria Köln
65%
Regionalliga West Sportfreunde Siegen
59%
Regionalliga West FC Gütersloh
51%
Regionalliga West 1. FC Bocholt
39%
Regionalliga West Sportfreunde Lotte
39%
Regionalliga West SV Rödinghausen
36%
Regionalliga West SC Wiedenbrück
34%
Regionalliga West SSVg Velbert
33%
Keine übereinstimmenden Quizze gefunden
Verteilung der Resultate
Anzahl Personen mit jedem Resultat
Perzentil nach korrekt beantworteten Fragen
Ihre Resultats-Entwicklung
Sie haben dieses Quiz seit der letzten Aktualisierung nicht gespielt